000 00292nam a2200133 i 4500
001 bg
100 1 _aLOCHNER, D.
245 0 _aPrzebudowa poddasza /
_cD. Lochner.
260 _aWarszawa,
_c1984.
040 _cBPK
041 _apol
942 _cKS
008 s pl f |000 0 pol
999 _c5154
_d5154
856 _uhttp://koha.tu.koszalin.pl/cgi-bin/koha/opac-detail.pl?biblionumber=5154
_yKatalog online BPK